Psicología de la edad adulta y la vejez / (Record no. 122448)
[ view plain ]
| 000 -CABECERA | |
|---|---|
| campo de control de longitud fija | 00932nam a2200265 a 4500 |
| 005 - FECHA Y HORA DE LA ÚLTIMA TRANSACCIÓN | |
| campo de control | 20210223130208.0 |
| 008 - ELEMENTOS DE LONGITUD FIJA--INFORMACIÓN GENERAL | |
| campo de control de longitud fija | 070516s2005 mx r 000 0 spa d |
| 020 ## - NÚMERO INTERNACIONAL NORMALIZADO PARA LIBROS | |
| Número Internacional Estándar del Libro | 842053711X |
| 035 ## - NÚMERO DE CONTROL DEL SISTEMA | |
| Número de control de sistema | UPN01000150307 |
| 049 ## - COLECCIÓN | |
| Colección | CG |
| 050 #4 - SIGNATURA TOPOGRÁFICA DE LA BIBLIOTECA DEL CONGRESO | |
| Número de clasificación | HQ799.95 |
| Número de documento/Ítem | S3.6 2005 |
| 100 1# - ASIENTO PRINCIPAL--NOMBRE PERSONAL | |
| Nombre de persona | Schaie, K. Warner |
| 245 10 - MENCIÓN DE TÍTULO | |
| Título | Psicología de la edad adulta y la vejez / |
| Mención de responsabilidad, etc. | K. Warner Schaie, Scherry L. Willis ; tr. Marina Olmos Soria. |
| 250 ## - MENCIÓN DE EDICIÓN | |
| Mención de edición | 5a ed. |
| 260 ## - PUBLICACIÓN, DISTRIBUCIÓN, ETC. | |
| Lugar de publicación, distribución, etc. | Madrid : |
| Nombre del editor, distribuidor, etc. | Pearson Prentice Hall, |
| Fecha de publicación, distribución, etc. | 2005. |
| 300 ## - DESCRIPCIÓN FÍSICA | |
| Extensión | xvi, 609 p. : |
| Otras características físicas | il. |
| 534 ## - NOTA SOBRE LA VERSIÓN ORIGINAL | |
| Frase introductoria | Traducción de: |
| Mención de título del original | Adult development and aging |
| 590 ## - NOTA LOCAL (RLIN) | |
| Nota local | Bibliografía Básica (BGTQ) |
| 590 ## - NOTA LOCAL (RLIN) | |
| Nota local | (También localizas un ejemplar en el "Area de Reserva") |
| 650 #4 - ASIENTO SECUNDARIO DE MATERIA - TERMINO TEMATICO | |
| Término de materia o nombre geográfico como elemento de entrada | EDAD ADULTA - |
| Subdivisión general | ASPECTOS PSICOLOGICOS |
| 9 (RLIN) | 3659 |
| 650 #4 - ASIENTO SECUNDARIO DE MATERIA - TERMINO TEMATICO | |
| Término de materia o nombre geográfico como elemento de entrada | ENVEJECIMIENTO - |
| Subdivisión general | ASPECTOS PSICOLOGICOS |
| 9 (RLIN) | 21534 |
| 650 #4 - ASIENTO SECUNDARIO DE MATERIA - TERMINO TEMATICO | |
| Término de materia o nombre geográfico como elemento de entrada | ANCIANOS - |
| Subdivisión general | PSICOLOGIA |
| 9 (RLIN) | 585 |
| 700 1# - ASIENTO SECUNDARIO--NOMBRE DE PERSONAL | |
| Nombre de persona | Willis, Sherry L., |
| Término indicativo de función/relación | coaut. |
| 905 ## - TIPO DE MATERIAL | |
| Tipo de material | Libro |
| Estado de retiro | Estado de pérdida | Fuente del sistema de clasificación o colocación | Estado dañado | No para préstamo | Código de colección | Localización permanente | Ubicación/localización actual | Ubicación en estantería | Total de préstamos | Clasificación | Código de barras | Fecha visto por última vez | Número de copia | Tipo de ítem Koha | Fecha de adquisición | Fecha del último préstamo |
|---|---|---|---|---|---|---|---|---|---|---|---|---|---|---|---|---|
| Library of Congress Classification | Reserva | Colección General | Bib. Gregorio Torres Quintero | Bib. Gregorio Torres Quintero | Planta baja | 23 | HQ799.95 S3.6 2005 | 249255 | 31/12/2020 | 1 | Libro | |||||
| Library of Congress Classification | Colección General | Bib. Gregorio Torres Quintero | Bib. Gregorio Torres Quintero | Planta baja | 34 | HQ799.95 S3.6 2005 | 249257 | 26/11/2024 | 1 | Libro | 21/09/2023 | 28/10/2024 | ||||
| Library of Congress Classification | Colección General | Bib. Gregorio Torres Quintero | Bib. Gregorio Torres Quintero | Planta baja | 26 | HQ799.95 S3.6 2005 | 249256 | 04/11/2024 | 1 | Libro | 11/03/2022 | 28/10/2024 | ||||
| Library of Congress Classification | Colección General | Bib. Gregorio Torres Quintero | Bib. Gregorio Torres Quintero | Planta baja | 26 | HQ799.95 S3.6 2005 | 269547 | 28/10/2024 | 1 | Libro | 27/09/2024 | 21/10/2024 | ||||
| Library of Congress Classification | Colección General | Bib. Gregorio Torres Quintero | Bib. Gregorio Torres Quintero | Planta baja | 22 | HQ799.95 S3.6 2005 | 249254 | 09/09/2024 | 1 | Libro | 06/09/2024 | 06/09/2024 | ||||
| Library of Congress Classification | Colección General | Bib. Gregorio Torres Quintero | Bib. Gregorio Torres Quintero | Planta baja | 22 | HQ799.95 S3.6 2005 | 269546 | 28/10/2024 | 1 | Libro | 14/08/2023 | 24/10/2024 | ||||
| Library of Congress Classification | Colección General | Bib. Gregorio Torres Quintero | Bib. Gregorio Torres Quintero | Planta baja | 20 | HQ799.95 S3.6 2005 | 249252 | 07/10/2024 | 1 | Libro | 27/09/2024 | 27/09/2024 | ||||
| Library of Congress Classification | Colección General | Bib. Gregorio Torres Quintero | Bib. Gregorio Torres Quintero | Planta baja | 17 | HQ799.95 S3.6 2005 | 249253 | 31/12/2020 | 1 | Libro | ||||||
| Library of Congress Classification | Colección General | Bib. Gregorio Torres Quintero | Bib. Gregorio Torres Quintero | Planta baja | 24 | HQ799.95 S3.6 2005 | 249258 | 28/10/2024 | 1 | Libro | 06/09/2024 | 23/10/2024 |
